Residential Property Tribunal Service (Record no. 120527)
[ view plain ]
| 000 -LEADER | |
|---|---|
| fixed length control field | 01220cam a2200181 4500 |
| 001 - CONTROL NUMBER | |
| control field | ##WS135460 |
| 008 - FIXED-LENGTH DATA ELEMENTS--GENERAL INFORMATION | |
| fixed length control field | 061027n 000 0 eng u |
| 035 ## - SYSTEM CONTROL NUMBER | |
| System control number | (Sirsi) u135460 |
| 041 0# - LANGUAGE CODE | |
| Language code of text/sound track or separate title | eng |
| 110 2# - MAIN ENTRY--CORPORATE NAME | |
| Corporate name or jurisdiction name as entry element | Residential Property Tribunal Service |
| 9 (RLIN) | 5034 |
| 245 00 - TITLE STATEMENT | |
| Title | Residential Property Tribunal Service |
| Medium | [electronic resource] |
| 520 ## - SUMMARY, ETC. | |
| Summary, etc. | The Residential Property Tribunal Service is the umbrella organisation for the five English regional offices called Rent Assessment Panels (RAPs). RAPs provide an independent, fair and accessible tribunal service in England (Scotland and Wales have separate RAPs) for settling disputes involving private rented and leasehold property through: Rent Assessment Committees which determine disputes about fair and market rents; Leasehold Valuation Tribunals which determine disputes involving leasehold property and Residential Property Tribunals which determine certain appeals against denial of the Right to Buy. |
| 590 ## - LOCAL NOTE (RLIN) | |
| Local note | IKA311006 |
| 651 #4 - SUBJECT ADDED ENTRY--GEOGRAPHIC NAME | |
| Geographic name | England |
| Chronological subdivision | 886- |
| 690 ## - LOCAL SUBJECT ADDED ENTRY--TOPICAL TERM (OCLC, RLIN) | |
| Topical term or geographic name as entry element | PROPERTY-RESIDENTIAL PROPERTY-RESIDENTIAL PROPERTY TENURE-LEASEHOLD RESIDENTIAL PROPERTY |
| 856 40 - ELECTRONIC LOCATION AND ACCESS | |
| Uniform Resource Identifier | <a href="https://www.rpts.gov.uk">https://www.rpts.gov.uk</a> |
| Public note | View the website free of charge at www.rpts.gov.uk... |
| 942 ## - ADDED ENTRY ELEMENTS (KOHA) | |
| Suppress in OPAC | 0 |
| Withdrawn status | Lost status | Source of classification or shelving scheme | Damaged status | Not for loan | Home library | Current library | Shelving location | Date acquired | Total Checkouts | Full call number | Barcode | Date last seen | Copy number | Price effective from | Koha item type |
|---|---|---|---|---|---|---|---|---|---|---|---|---|---|---|---|
| Dewey Decimal Classification | Virtual | Virtual | Online | 27/10/2006 | WEB SITE | 135460-2001 | 06/08/2019 | 1 | 06/08/2019 | Online material |